Problemas económicos actuales /

Guardado en:
Autor Principal: Lenti, Libero
Formato: Libro
Publicado: Argentina : Eudeba, 1966
Edición:2a. ed.
Materias:
Etiquetas: Agregar Etiqueta
Sin Etiquetas, Sea el primero en etiquetar este registro!
LEADER 00657nam a22002295a 4500
001 CEM.cems003813
005 19000101000000.0
008 130507s1966##################000#0#####d
003 CEMS
082 0 4 |a 330.945 
100 1 |a Lenti, Libero 
245 1 0 |a Problemas económicos actuales / 
250 |a 2a. ed. 
260 |a Argentina :  |b Eudeba,  |c 1966 
300 |a 239 p. 
653 |a Ahorro y prevision 
653 |a Desocupacion 
653 |a Economia 
653 |a Economia nacional 
653 |a Ingreso nacional 
859 |a CEMS  |b BIB. CEMS - 11 de abril  |h 330.945  |i L549a2  |p 2909.74  |t Ej.1 
859 |a CEMS  |b BIB. CEMS - 11 de abril  |h 330.945  |i L549a2  |p 2934.74  |t Ej.2